Chemistry and the Standard of living

Saved in:
Bibliographic Details
Main Author: Wurster, Carl
Format: Book
Language:Undetermined
Published: Germany Badische Anilin & Soda Fabrik AG 1960
Subjects:
Tags: Add Tag
No Tags, Be the first to tag this record!
Institutions: Trung tâm Học liệu Trường Đại học Cần Thơ
LEADER 00488nam a2200181Ia 4500
001 CTU_81458
008 210402s9999 xx 000 0 und d
082 |a 660 
082 |b W967 
100 |a Wurster, Carl 
245 0 |a Chemistry and the Standard of living 
245 0 |c Carl Wurster 
260 |a Germany 
260 |b Badische Anilin & Soda Fabrik AG 
260 |c 1960 
650 |a Chemistry 
904 |i Trọng Hải 
980 |a Trung tâm Học liệu Trường Đại học Cần Thơ